Machine Learning for Text and Image Data Analysis (Record no. 360769)

MARC details
000 -LEADER
fixed length control field 00600 a2200217 4500
005 - DATE & TIME
control field 20250401161834.0
008 - FIXED-LENGTH DATA ELEMENTS--GENERAL INFORMATION
fixed length control field 250401b |||||||| |||| 00| 0 eng d
020 ## - ISBN
International Standard Book Number 9789354643606
Price Rs. 1099.00
040 ## - CATALOGING SOURCE
Original cataloging agency VIVEKANANDA LIBRARY
082 ## - DDC NUMBER
Classification number 006.31
Book Number M859M
100 ## - MAIN ENTRY--PERSONAL NAME
Personal name Motwani, Bharti
110 ## - MAIN ENTRY--CORPORATE NAME
Corporate name Motwani, Bharti
245 ## - TITLE STATEMENT
Title Machine Learning for Text and Image Data Analysis
260 ## - PUBLICATION, DISTRIBUTION, ETC. (IMPRINT)
Name of publisher, distributor, etc Wiley India
Place of publication, distribution, etc New Delhi
Date of publication, distribution, etc 2024
300 ## - PHYSICAL DESCRIPTION
Pages xxii, 805
440 ## - Series Statement
Series Title Wiley emerging technology series
650 ## - Subject
Subject Computer Science
650 ## - Subject
Subject Machine Learning
650 ## - Subject
Subject Data Analysis
942 ## - ADDED ENTRY ELEMENTS (KOHA)
Koha item type Books
Holdings
Withdrawn status Lost status Source of classification or shelving scheme Damaged status Not for loan Location (home branch) Sublocation or collection (holding branch) Shelving location Date acquired Koha issues (times borrowed) Koha full call number Accession No. Koha date last seen Koha item type
    Dewey Decimal Classification     VIVEKANANDA LIBRARY VIVEKANANDA LIBRARY Vivekananda Library 15/02/2025   006.31 M859M 442910 15/02/2025 Books
    Dewey Decimal Classification     VIVEKANANDA LIBRARY VIVEKANANDA LIBRARY Vivekananda Library 15/02/2025   006.31 M859M 442911 15/02/2025 Books
    Dewey Decimal Classification     VIVEKANANDA LIBRARY VIVEKANANDA LIBRARY Vivekananda Library 15/02/2025   006.31 M859M 442913 15/02/2025 Books
    Dewey Decimal Classification     VIVEKANANDA LIBRARY VIVEKANANDA LIBRARY Vivekananda Library 15/02/2025   006.31 M859M 442914 15/02/2025 Books
    Dewey Decimal Classification     VIVEKANANDA LIBRARY VIVEKANANDA LIBRARY Vivekananda Library 15/02/2025   006.31 M859M 442912 15/02/2025 Books
© Designed and Maintained by Vivekananda Library, MDU Rohtak